Avi Arad Filmography - Statistics

General Stats
  • This quiz has been taken 5 times
  • The average score is 14 of 50
Answer Stats
Hint Answer % Correct
2002 Spider-Man
100%
2012 The Amazing Spider-Man
100%
1998 Blade
75%
2004 Spider-Man 2
75%
2007 Spider-Man 3
75%
2018 Venom
75%
2004 Blade: Trinity
50%
2003 Hulk
50%
2008 Iron Man
50%
2019 Spider-Man: Far From Home
50%
2017 Spider-Man: Homecoming
50%
2014 The Amazing Spider-Man 2
50%
2008 The Incredible Hulk
50%
2021 Venom: Let There Be Carnage
50%
2000 X-Men
50%
2002 Blade II
25%
2003 Daredevil
25%
2007 Doctor Strange
25%
2005 Elektra
25%
2005 Fantastic Four
25%
2007 Fantastic Four: Rise of the Silver Surfer
25%
2007 Ghostrider
25%
2023 Kraven the Hunter
25%
TBD Silver Sable
25%
2018 Spider-Man Into the Spider-Verse
25%
2022 Spider-Man Into the Spider-Verse 2
25%
2007 The Invincible Iron Man
25%
2004 The Punisher
25%
TBD The Sinister Six
25%
2006 Ultimate Avengers II
25%
2006 Ultimate Avengers: The Movie
25%
2003 X-2: X-Men United
25%
2009 X-Men Origins: Wolverine
25%
2006 X-Men: The Last Stand
25%
2015 Air Bound
0%
1992 Bitsy Bears
0%
2022 Borderlands
0%
2007 Bratz
0%
2013 Cody the Robosapien
0%
1996 Generation X
0%
2017 Ghost in the Shell
0%
2011 Ghostrider: Spirit of Vengeance
0%
2005 Man-Thing
0%
TBD Metal Gear Solid
0%
2022 Morbius
0%
TBD Naruto
0%
1998 Nick Fury: Agent of S.H.I.E.L.D.
0%
2007 The Grand
0%
2007 The Killing Floor
0%
2022 Uncharted
0%
No matching quizzes found
Score Distribution
Percent of People with Each Score
Percentile by Number Answered
Your Score History
You have not taken this quiz